Vocabulario de evaluación educativa (Registro nro. 13252)
[ vista simple ]
| 000 -Cabecera | |
|---|---|
| Campo de control de longitud fija | 00535nam a22002177a 4500 |
| 005 - Fecha y hora de la última transacción | |
| Campo de control | 20250130142906.0 |
| 008 - Elementos de longitud fija--Información general | |
| Campo de control de longitud fija | 220315b2003 xxu||||| |||| 00| 0 spa d |
| 020 ## - International Standard Book Number | |
| Número Internacional Estándar del Libro (ISBN) | 8420540412 |
| 041 ## - Idioma | |
| Código de idioma | Español |
| 082 ## - Clasificación Decimal Dewey | |
| Número de clasificación | R 371.260.3 C352v |
| 100 ## - Entrada principal--Autor personal | |
| Nombre personal | Castillo Arredondo, Santiago |
| 245 ## - Título propiamente dicho | |
| Título | Vocabulario de evaluación educativa |
| 260 ## - Pie de imprenta | |
| Lugar de publicación, distribución, etc. | España |
| 260 ## - Pie de imprenta | |
| Nombre del editor, distribuidor, etc. | Pearson Educación |
| 260 ## - Pie de imprenta | |
| Fecha de publicación, distribución, etc. | 2003 |
| 300 ## - Descripción física | |
| Extensión | 295 páginas |
| 650 ## - Materia general | |
| Temática (materia general) | DIDÁCTICA |
| 650 ## - Materia general | |
| Temática (materia general) | METODOLOGÍA |
| 650 ## - Materia general | |
| Temática (materia general) | DICCIONARIOS |
| 942 ## - Punto de acceso adicional KOHA | |
| Tipo de ítem KOHA | Referencia |
| Fuente del sistema de clasificación o colocación | Dewey Decimal Classification |
| Signatura completa | Código de barras | Tipo de ítem |
|---|---|---|
| R 371.260.3 C352v | 15166 | Referencia |